The Australian outback / (Record no. 119)

MARC details
000 -LEADER
fixed length control field 00754nam a2200277 i 4500
005 - DATE AND TIME OF LATEST TRANSACTION
control field 20260322212007.0
008 - FIXED-LENGTH DATA ELEMENTS--GENERAL INFORMATION
fixed length control field data
010 ## - LIBRARY OF CONGRESS CONTROL NUMBER
LC control number 77356232
015 ## - NATIONAL BIBLIOGRAPHY NUMBER
National bibliography number Ne***
040 ## - CATALOGING SOURCE
Original cataloging agency DLC
Transcribing agency DLC
Modifying agency DLC
043 ## - GEOGRAPHIC AREA CODE
Geographic area code u-at---
050 00 - LIBRARY OF CONGRESS CALL NUMBER
Classification number QH197
Item number .M57
082 00 - DEWEY DECIMAL CLASSIFICATION NUMBER
Classification number 500.9/94
092 ## - LOCALLY ASSIGNED DEWEY CALL NUMBER (OCLC)
Classification number 500.9 M57 1976
001 - CONTROL NUMBER
control field data
245 04 - TITLE STATEMENT
Title The Australian outback /
Statement of responsibility, etc. edited by Ian Moffitt & Time-Life Books.
260 ## - PUBLICATION, DISTRIBUTION, ETC.
Place of publication, distribution, etc. Amsterdam :
Name of publisher, distributor, etc. Time-Life Books,
Date of publication, distribution, etc. c1976.
300 ## - PHYSICAL DESCRIPTION
Extent 184 p. :
Other physical details col. ill. ;
Dimensions 27 cm.
490 0# - SERIES STATEMENT
Series statement The World's wild places
500 ## - GENERAL NOTE
General note Includes index.
504 ## - BIBLIOGRAPHY, ETC. NOTE
Bibliography, etc. note Bibliography: p. 180.
650 #0 - SUBJECT ADDED ENTRY--TOPICAL TERM
Topical term or geographic name entry element Natural history
Geographic subdivision Australia.
651 #0 - SUBJECT ADDED ENTRY--GEOGRAPHIC NAME
Geographic name Australia
General subdivision Description and travel.
700 1# - ADDED ENTRY--PERSONAL NAME
Personal name Moffitt, Ian.
710 2# - ADDED ENTRY--CORPORATE NAME
Corporate name or jurisdiction name as entry element Time-Life Books.
Holdings
Withdrawn status Lost status Damaged status Not for loan Home library Current library Shelving location Date acquired Total checkouts Full call number Barcode Date last seen Price effective from Koha item type
        Franklin Franklin General stacks 22/03/2026   500.9/94 BC0010123 22/03/2026 22/03/2026 Books